000 00863cab a2200265 4500
001 ABS56214
008 090401t1996 xxu||||| |||| 00| 0 eng d
035 _a(Sirsi) u21959
041 _aeng
100 _aSmith, M.J.
245 _aComputer aided learning in surveying
260 _c1996
350 _a0
490 _aSurvey Review
_v33(262) October 1996, 546-552(7)
520 _aIllustrates the features and merits of computer aided learning through "SurCAL" courseware being developed at the University of Nottingham to teach surveying students.
650 _aCAL
650 _aCOMPUTER AIDED LEARNING
650 _aCAREERS, EDUCATION AND TRAINING
650 _aSURCAL
650 _aUNIVERSITY OF NOTTINGHAM
690 _aMANAGEMENT-BUSINESS MANAGEMENT-INFORMATION MANAGEMENT
700 _aRoberts, G.
942 _n0
948 _c04/03/1997
999 _c14713
_d14713